000 00640nam a2200217 i 4500
001 98494
003 ES-MaACL
005 20230906182310.0
007 t|
008 050923s1959 sp |||| |bspa d
080 _a929 Rasputin, Grigoriï Efimovich
100 1 _aTavera Baz, José María.
_9109420
245 1 0 _aRasputin /
_cJosé María Tavera.
260 _aBarcelona :
_bCedro,
_c[1959]
300 _a160 p. ;
_c18 cm.
490 1 _aEl personaje y su historia ;
_v4
600 1 4 _aRasputin, Grigoriï Efimovich.
_995503
830 0 _aEl personaje y su historia ;
_v4
_9184409
852 _aES-MaACL
_jE-5141
999 _c98494
_d98494